000 00537nam a2200193Ia 4500
008 151121s9999||||xx |||||||||||||| ||und||
082 _a823-/
082 _bHNW-57958
100 _aPublisher
245 4 _aThe World's Worst Disasters of the 20th Century
260 _b"Octopus Books Ltd।, London"
260 _c--
300 _a192
600 _aPublisher
630 _aThe World's Worst Disasters of the 20th Century
700 _aPublisher
730 _aThe World's Worst Disasters of the 20th Century
942 _cBOOK
999 _c1239980
_d1239977